| 000 | 00832nam a2200205Ia 4500 | ||
|---|---|---|---|
| 003 | GCL | ||
| 008 | 140319s9999 xx 000 0 ara d | ||
| 040 |
_aGCL / _cGCL |
||
| 082 | 0 | 4 |
_a221.21 _bم م |
| 100 | 1 | _aمحمد السيد الداودى | |
| 245 | 1 | 0 |
_aمعجم الارقام فى القران الكريم : _bبحث يستوعب كل ماورد فى القرآن من أرقام مع إحاطة كل رقم بمايتطلبه من لغة وفقه وتاريخ وأسباب وأهداف / _cمحمد السيد الداودى |
| 250 | _aالاولى | ||
| 260 |
_aالقاهرة : _bدار الكتب الاسلامية ، _c1986 |
||
| 300 |
_a134 ص ؛ _c20 سم |
||
| 490 | _a | ||
| 650 | 0 | 4 | _aالقران - اعجاز |
| 650 | 0 | 4 | _aالقران |
| 650 | 0 | 4 | _aالارقام فى القران |
| 942 |
_2ddc _cBK |
||
| 999 |
_c43379 _d43379 |
||